| 000 | 00528nam a2200181 a 4500 | ||
|---|---|---|---|
| 005 | 20141006110902.0 | ||
| 008 | 140121b1999 ck ||||| |||| 00| 0 spa d | ||
| 041 | _aeng | ||
| 044 | _ack | ||
| 090 |
_aIAvH _b00110 |
||
| 100 |
_aPosada, Juan M. _94377 |
||
| 245 | _aCattle and weedy shrubs as restoration tools of tropical montane rainforest | ||
| 260 |
_aBogotá _bInstituto Alexander von Humboldt _bICN _c1999 |
||
| 300 | _a34 p. | ||
| 700 |
_aCavelier, Jaime _93680 |
||
| 700 |
_aAide, T. Mitchell _94378 |
||
| 942 |
_cINFORME _2z |
||
| 999 |
_c1739 _d1739 |
||